000 00448nam a2200181 a 4500
001 1761285792153
003 YourLibrary
005 20251024113600.0
008 251024s1998##################000#0#eng##
020 _a8121901553
082 0 4 _a610.03
_bCHA
100 1 _aStedman, J.L.,
_eauthor.
245 1 0 _aStedman's Medical Dictionary :
260 _c1998.
650 0 _aMedical.
942 _cENGLISH
040 _aYourLibrary
_beng
_cYourLibrary
999 _c593225
_d593225